|
|
|
|
| LEADER |
00000nab a2200000 a 4500 |
| 001 |
vtls000653864 |
| 003 |
SK-MaSNL |
| 005 |
20260304102253.0 |
| 008 |
250426c1997 xo 0 slo |
| 015 |
|
|
|a SNBRA1998/02-05328
|
| 035 |
|
|
|a CLN000006057
|
| 035 |
|
|
|a urn:nbn:sk:snk-abhsm
|
| 035 |
|
|
|a (urnnbn)urn:nbn:sk:snk:ar-003u1e
|
| 035 |
|
|
|a (uuid)ece51d20-5ac5-4649-a9db-88215a9dd5d1
|
| 040 |
|
|
|a SNKBUCL
|b slo
|c SNKBUCL
|e AACR2
|
| 041 |
0 |
|
|a slo
|
| 044 |
|
|
|a xo
|c SK
|
| 080 |
|
|
|a 623.746.4
|2 1997
|
| 080 |
|
|
|a 629.735.3
|2 1997
|
| 100 |
1 |
|
|a Szabo, Stanislav,
|d 1970-
|4 aut
|9 132391
|
| 245 |
1 |
0 |
|a Európske taktické lietadlá
|b Su-25T/TM (Su-39)
|c Stanislav Szabo, Peter Tomčo
|
| 300 |
|
|
|b Fotogr., obr.
|
| 500 |
|
|
|a Pokračovanie
|
| 650 |
0 |
7 |
|a Su-25T/TM (lietadlo)
|2 SNK
|9 1398568
|
| 650 |
0 |
7 |
|a podzvukové lietadlá
|2 SNKPH
|9 210042
|
| 650 |
0 |
7 |
|a útočné lietadlá
|2 SNK
|9 1398569
|
| 650 |
0 |
7 |
|a technické parametre
|2 SNK
|9 452097
|
| 655 |
|
7 |
|a články z novín a časopisov
|2 SNK
|9 267496
|
| 700 |
1 |
|
|a Tomčo, Peter
|4 aut
|9 1393263
|
| 773 |
0 |
|
|t Apológia
|g Č. 12 (1997), s. 26-28
|x 1335-0463
|
| 850 |
|
|
|a Slovenská národná knižnica
|
| 852 |
|
|
|a Slovenská národná knižnica
|
| 954 |
|
|
|a odborná, vedecká literatúra pôvodná (slovenská)
|2 lita
|
| 958 |
|
|
|a article2022
|
| 958 |
|
|
|a OND
|
| 958 |
|
|
|a EUIPO
|
| 992 |
|
|
|a RBX
|
| 999 |
|
|
|c 2844521
|d 2846451
|